Catálogo
 En Linea

Caníbales y reyes : (Registro nro. 25052)

Detalles MARC
000 -CABECERA
campo de control de longitud fija 01013nam a2200265 a 4500
001 - NÚMERO DE CONTROL
campo de control 000025560
005 - FECHA Y HORA DE LA ÚLTIMA TRANSACCIÓN
campo de control 20200930023858.0
008 - DATOS DE LONGITUD FIJA--INFORMACIÓN GENERAL
campo de control de longitud fija 110217s1988 sp r 000 0 spa d
020 ## - NÚMERO INTERNACIONAL ESTÁNDAR DEL LIBRO
Número Internacional Estándar del Libro 8420602221
040 ## - FUENTE DE LA CATALOGACIÓN
Centro catalogador/agencia de origen DO-SdBNP
Lengua de catalogación spa
Centro/agencia transcriptor BNPHU
041 17 - CÓDIGO DE LENGUA
Código de lengua del texto/banda sonora o título independiente spa
Código de lengua original eng
Fuente del código Código de idioma MARC
082 ## - NÚMERO DE LA CLASIFICACIÓN DECIMAL DEWEY
Número de clasificación NNN
Número de documento/Ítem H313c
049 ## - FONDOS LOCALES (OCLC)
Fondos de biblioteca BNGR
100 1# - ENTRADA PRINCIPAL--NOMBRE DE PERSONA
Nombre de persona Harris, Marvin,
Fechas asociadas al nombre 1927-2001.
9 (RLIN) 48795
240 10 - TÍTULO UNIFORME
Título uniforme Cannibals and kings. The originis of cultures.
Lenguaje de la obra Espanol.
245 10 - MENCIÓN DE TÍTULO
Título Caníbales y reyes :
Resto del título los orígenes de las culturas /
Mención de responsabilidad, etc. Marvin Harris ; traductor Horacio González Trejo.
260 ## - PUBLICACIÓN, DISTRIBUCIÓN, ETC.
Lugar de publicación, distribución, etc. Madrid :
Nombre del editor, distribuidor, etc. Alianza,
Fecha de publicación, distribución, etc. 1988.
300 ## - DESCRIPCIÓN FÍSICA
Extensión 293 p. ;
Dimensiones 18 cm.
490 1# - MENCIÓN DE SERIE
Mención de serie El libro de bolsillo
-- humanidades
Designación de volumen o secuencia 1222
500 ## - NOTA GENERAL
Nota general primera reimpresión de la primera edición 1987
504 ## - NOTA DE BIBLIOGRAFÍA, ETC.
Nota de bibliografía, etc. Incluye bibliografía (p. 275-292)
534 ## - NOTA SOBRE LA VERSIÓN ORIGINAL
Encabezamiento principal del original Título original:
Mención de título del original Cannibals and kings. The originis of cultures.
700 1# - PUNTO DE ACCESO ADICIONAL--NOMBRE DE PERSONA
Nombre de persona González Trejo, Horacio,
Término indicativo de función/relación tr.
9 (RLIN) 11974
830 #0 - PUNTO DE ACCESO ADICIONAL DE SERIE-TÍTULO UNIFORME
Título uniforme El libro de bolsillo ;
Nombre de parte o sección de la obra humanidades
Designación de volumen o secuencia 1222
9 (RLIN) 8845
Existencias
Estado de retiro Estado de pérdida Restricciones de uso No para préstamo Código de colección Localización permanente Ubicación/localización actual Ubicación en estantería Fecha de adquisición Número de inventario Total de préstamos Signatura topográfica completa Código de barras Fecha visto por última vez Precio válido a partir de Tipo de ítem Koha
        Monografías: Libros y Folletos General General En catalogación 17.02.2011 LF1   NNN H313c 25560-10 25.06.2020 25.06.2020 Préstamo en sala

Con tecnología Koha